[Event "RUS-chT Premier League Women 2018"]
[Site "Sochi"]
[Date "2018.05.01"]
[Round "1"]
[White "Sergeeva, Natalia"]
[Black "Styazhkina, Anna"]
[Result "1-0"]
[WhiteElo "1985"]
[BlackElo "2299"]
[Annotator "TA"]
[PlyCount "105"]
[EventDate "2018.??.??"]
[EventCountry "RUS"]
[SourceTitle "playchess.com"]
[Source "ChessBase"]
[SourceQuality "1"]

{[%evp 19,105,-8,-15,-9,-12,-15,-11,-8,16,9,18,8,38,-19,-23,-95,-95,-95,-95,-95,-95,-96,-94,-99,-98,-93,-41,-45,-36,-37,-41,-124,-125,-182,-192,-175,-168,-201,-111,-114,-111,-124,-99,-144,-138,-138,-122,-122,-114,-127,-41,-42,-54,-57,-6,-14,-1,-2,0,0,0,0,0,0,0,0,14,0,4,-4,-8,-4,48,0,0,0,0,0,0,0,126,126,133,129,431,431,416,409]} 1. e4 e5 2. Nf3 Nc6 3. Bc4 Bc5 4. c3 Nf6 5. d3 d6 6. Nbd2 {[%cal Bb1d2,Bd2f1,Bf1e3,Be3c4][%mdl 32]} a6 7. Bb3 Ba7 8. Nf1 h6 {C54: Giuoco Piano: 4 c3 Nf6, main lines with 5 d4 and 5 d3} (8... Be6 9. Ng3 O-O 10. O-O h6 11. h3 Bxb3 12. axb3 Re8 13. Nf5 d5 14. Qe2 Qd7 15. N3h4 Rad8 16. Qf3 dxe4 17. dxe4 {0-1 (48) Miton,K (2584)-Van Foreest,J (2629) Riadh 2017}) 9. Ne3 Ne7 {[%cal Bc6e7,Be7g6,Bg6f4][%mdl 32]} 10. O-O O-O {LiveBook: 6 Games. The position is equal.} 11. Re1 Ng6 12. a4 $146 ({Predecessor:} 12. Nf1 c6 13. Be3 Re8 14. Bxa7 Rxa7 15. Ng3 b5 16. a4 Qb6 17. axb5 axb5 18. Rxa7 Qxa7 {½-½ (36) Grib,R (2303)-Kovalev,V (2453) Minsk 2012}) 12... Re8 13. a5 Nf4 14. Nc4 N6h5 15. Be3 Qf6 16. Kh1 (16. Bxa7 $14 Rxa7 17. Ne3) 16... Bg4 $11 17. Bxf4 (17. Rf1 $11) 17... Nxf4 $17 18. Ne3 Bh5 19. Nd5 Nxd5 20. Bxd5 c6 21. Bc4 Bxf2 22. Rf1 Ba7 (22... Bxf3 $1 $17 23. Qc2 d5) 23. Qe1 $15 Rad8 24. Nh4 Qe7 $1 25. Qg3 (25. g4 $15 d5 26. Bxd5 cxd5 27. gxh5) 25... d5 $36 {[%mdl 2048] Black is on the roll.} 26. exd5 (26. Bb3 $17) 26... cxd5 $19 27. Bb3 Qg5 {Strongly threatening ...Qxg3.} 28. Qe1 Qe3 (28... e4 $19 29. d4 g6) 29. Qxe3 $17 Bxe3 30. Nf5 Ba7 {And now ...Be2 would win.} 31. Ng3 Bg6 32. Rad1 e4 33. d4 Bb8 34. Nf5 {[#]} e3 ({Black should try} 34... Re6 $1 $17 35. Ne3 Red6) 35. Rde1 $15 e2 36. Rf2 Re6 (36... Kf8 $15) 37. g4 $11 h5 38. Rfxe2 Rxe2 39. Rxe2 Kf8 40. h3 f6 41. Kg2 hxg4 42. hxg4 Bf7 43. Kf3 g6 44. Ne3 Bc7 45. Ng2 f5 (45... Bxa5 $11 46. Nf4 Rd7) 46. Nf4 fxg4+ 47. Kxg4 Rd6 48. Nd3 Bxa5 49. Nc5 b5 {[#]} (49... Bb6 $11 {keeps the balance.}) 50. Nb7 $1 $16 {[%csl LRa5,LRd6][%cal Rb7d6][%mdl 1024] White has strong compensation.} Re6 51. Rf2 Re4+ $2 {[%mdl 8192]} (51... Bc7 $16) 52. Kg5 $18 Bc7 {[#]} 53. Rxf7+ $1 {[%mdl 512] Precision: White = 66%, Black = 48%.} 1-0

[Event "RUS-chT Premier League Women 2018"]
[Site "Sochi"]
[Date "2018.05.01"]
[Round "1"]
[White "Filippova, Darya"]
[Black "Kashlinskaya, Alina"]
[Result "0-1"]
[WhiteElo "1955"]
[BlackElo "2448"]
[Annotator "TA"]
[PlyCount "80"]
[EventDate "2018.??.??"]
[EventCountry "RUS"]
[SourceTitle "playchess.com"]
[Source "ChessBase"]
[SourceQuality "1"]

{[%evp 11,80,12,25,26,29,12,8,-40,-30,-37,-28,-66,0,0,0,-1,-13,-24,0,-38,1,0,1,0,26,0,0,0,0,0,0,-43,-11,-20,-11,-50,-44,-66,-62,-126,-121,-126,-122,-128,-108,-191,-184,-336,-359,-368,-344,-399,-375,-793,-702,-995,-985,-1360,-1362,-1144,-1136,-29973,-29973,-29980,-29981,-29980,-29980,-1622,-4798,-4802,-4479]} 1. d4 Nf6 2. c4 e6 3. Nf3 d5 4. Nc3 Nbd7 5. cxd5 exd5 6. Bg5 h6 {LiveBook: 37 Games. D35: Queen's Gambit Declined: Exchange Variation} (6... Be7 7. e3 c6 8. Qc2 Nh5 9. Bxe7 Qxe7 10. O-O-O Nb6 11. Bd3 Bg4 12. Rdg1 Bxf3 13. gxf3 g6 14. f4 O-O-O 15. h4 Kb8 16. Ne2 Rc8 17. Kb1 Nd7 18. Ng3 Nxg3 19. Rxg3 c5 20. Qc3 Nf6 21. Rd1 Ne4 22. Bxe4 Qxe4+ 23. Qd3 cxd4 24. Qxe4 dxe4 25. Rxd4 {½-½ (25) Wang,Y (2690)-Kuzubov,Y (2699) Riadh 2017}) 7. Bf4 Bb4 8. Rc1 O-O {The position is equal.} 9. g3 Ne4 10. Bg2 Nb6 $146 ({Predecessor:} 10... Ndf6 11. O-O c6 12. Nxe4 dxe4 13. Nd2 Re8 14. a3 Bxd2 15. Qxd2 {1-0 (41) Lalith,B (2563)-Vignesh,N (2399) New Delhi 2015}) 11. O-O Nxc3 ({Black should try} 11... Bxc3 $1 $15 12. bxc3 g5) 12. bxc3 $11 Ba3 13. Rb1 Bf5 14. Rb3 Be7 15. Ne5 a5 {[%cal Ba7a5,Ba5a4][%mdl 32]} 16. Nd3 a4 17. Rb1 Ra7 18. f3 Nc4 19. e4 Bh7 20. Re1 c6 21. Nf2 b5 22. Bf1 Qa5 23. Bxc4 bxc4 24. Qc1 Rd8 25. Rb8 ({White should play} 25. Qd2 $15) 25... Rxb8 $17 26. Bxb8 Rb7 27. Bf4 {[#]} a3 $1 28. exd5 (28. g4 $17 {is a better defense.}) 28... cxd5 $19 29. Qe3 $2 (29. Kg2) 29... Bb1 30. Ng4 h5 31. Bg5 Bf8 ({Weaker is} 31... hxg4 32. Bxe7 Rb2 33. Bb4 $17) 32. Qe8 $2 (32. Ne5 Qb5 33. Qf2) 32... Qxc3 33. Nh6+ gxh6 34. Bxh6 {[#]} Qxe1+ $1 {[%mdl 512]} 35. Qxe1 Bxh6 36. Qe5 c3 37. Qxh5 Be3+ 38. Kg2 Bg6 39. Qe5 c2 (39... Bh6 $142 40. f4 Be4+ 41. Kh3 c2 42. Qe8+ Bf8) 40. Qxe3 Rb1 {Precision: White = 27%, Black = 62%.} 0-1

[Event "RUS-chT Premier League Women 2018"]
[Site "Sochi"]
[Date "2018.05.01"]
[Round "1"]
[White "Chan, Naruna"]
[Black "Girya, Olga"]
[Result "0-1"]
[WhiteElo "1927"]
[BlackElo "2465"]
[Annotator "TA"]
[PlyCount "110"]
[EventDate "2018.??.??"]
[EventCountry "RUS"]
[SourceTitle "playchess.com"]
[Source "ChessBase"]
[SourceQuality "1"]

{[%evp 16,110,8,0,8,0,10,6,16,-4,-1,-12,48,46,46,42,64,9,0,0,4,0,0,0,66,0,121,0,30,0,0,0,76,52,50,-71,-73,-120,-146,-159,-110,-113,-45,-77,0,0,0,-91,286,-182,-160,-166,389,373,454,453,438,437,399,-30,-22,-49,0,-167,-149,-356,-362,-317,-358,-355,-355,-348,-342,-354,-229,-286,-286,-286,-286,-286,-286,-286,-286,-286,-286,-279,-230,-389,-364,-365,-370,-541,-463,-561,-519,-519,-456]} 1. e4 c6 2. d4 d5 3. e5 Bf5 4. h4 h5 5. Bd3 Bxd3 6. Qxd3 {B12: Caro-Kann: Advance Variation} Qa5+ 7. Nd2 e6 8. Ngf3 (8. Ne2 Ne7 9. O-O Nf5 10. Nf3 Qa6 11. Qd1 Be7 12. g3 c5 {½-½ (67) Nakamura,H (2787)-Artemiev,V (2697) Moscow 2018}) 8... Qa6 9. c4 {LiveBook: 17 Games} Bb4 10. b3 Ne7 11. O-O c5 $146 ({Predecessor:} 11... Nf5 12. Qc2 O-O {½-½ (36) Asis Gargatagli,H (2504)-Gomez Jurado,L (2244) Barcelona 2016}) 12. Qc2 Nd7 13. cxd5 Nxd5 (13... exd5 $11 14. Bb2 cxd4) 14. dxc5 $14 Bxc5 15. Ne4 $36 {[%mdl 2048] White fights for an advantage.} Be7 16. Bg5 (16. Rd1 $1 $14) 16... Ba3 $1 $11 17. Rad1 O-O $1 18. Rd4 Rfc8 $1 {[%cal Rc8c2]} 19. Qd2 {Strongly threatening Ra4.} b5 (19... Qc6 $11) 20. Ng3 (20. Bf6 $14) 20... g6 (20... Bc5 $11) 21. Bh6 ({White has to play} 21. Nxh5 $1 $16 gxh5 22. Bf6 $1 {[%mdl 512]}) 21... Be7 $1 22. Re1 Qc6 23. Qe2 Bb4 (23... Qb6 $11) 24. Rxb4 $1 $16 Nxb4 25. Qd2 (25. Ng5 $1 $14 {keeps the upper hand.}) 25... Nd5 $17 26. Qg5 Qc2 27. Ne4 Qd3 28. Nd6 Rc2 ({Black should try} 28... Rc3 $17 29. Qg3 Rb8) 29. Re4 $1 $15 Qd1+ (29... Rc6 $5 {[%cal Rc6d6]} 30. Rd4 Qb1+ 31. Kh2 Rb8 $17) 30. Re1 Qd3 31. Re4 $1 Re2 $2 {[%mdl 8192] [#]} (31... Rxa2 32. Rf4 $1 $17 {[%mdl 512]}) (31... Rc6 $1 $17 {[%cal Rc6d6] stays on course.} 32. Rd4 Qc2 33. Rxd5 exd5) 32. Rd4 $4 {[%mdl 8192]} (32. Rf4 $1 $18 {[%cal Rf4f7][%mdl 512]} Nxf4 33. Qxf4) 32... Qb1+ 33. Kh2 {[#] Rxd5! is the strong threat.} Rxf2 $4 {[%mdl 8192] [#]} (33... Qa1 $1 $19 {and all is fine. Hoping for ...Nxe5!} 34. Rf4 Nxf4 35. Qxf4 Nxe5) 34. Rxd5 $1 $18 {[%mdl 512] And now Qe7! would win.} exd5 35. Qe7 Nxe5 ({And not} 35... Rxf3 36. gxf3 Qb2+ 37. Kh3 $11) 36. Qxe5 {[%csl Gh6][%cal Re5g7]} Qb2 37. Qg3 $2 (37. Qxd5 $18 Rf8 38. Bxf8 Rxg2+ 39. Kh3) 37... Rd8 {Threatens to win with ...Rxf3!} ({Of course not} 37... Qxa2 $6 38. Qf4 $16) 38. Bf4 {aiming for Qg5.} Re2 39. Ng5 $2 (39. Qg5 $11 {and White stays safe.} Rd7 40. Be5 Rxe5 41. Nxe5 Rxd6 42. Qe7) 39... Rd7 $19 40. Ngxf7 $2 (40. Nxb5 $17 Qf6 41. Nc3) 40... Rxf7 41. Nxf7 Kxf7 $17 {[%mdl 4096] Endgame KQR-KQB} 42. Qf3 Kg7 43. Qxd5 Qf6 ({Inferior is} 43... Qxa2 44. Qd7+ Kg8 45. Qd5+ Kh8 46. Qd8+ Kg7 47. Qd7+ Kg8 48. Qd5+ Kh8 49. Qd8+ Kg7 50. Qd7+ $11) 44. Bg3 a6 45. a4 bxa4 46. bxa4 Kh7 47. Qb7+ Re7 48. Qa8 Re6 49. Qb7+ Qe7 50. Qd5 Re2 51. Qf3 $2 (51. Qc4) 51... Rb2 $19 52. Qf1 a5 53. Qc4 (53. Qf3 $142) 53... Qb7 {[%csl Gb2][%cal Rb7g2] Black is clearly winning.} 54. Qf1 Qd5 55. Qg1 Kg8 {Precision: White = 32%, Black = 48%.} 0-1

[Event "RUS-chT Premier League Women 2018"]
[Site "Sochi"]
[Date "2018.05.02"]
[Round "2"]
[White "Girya, Olga"]
[Black "Tomashevskaya, Lidia"]
[Result "1/2-1/2"]
[WhiteElo "2465"]
[BlackElo "2172"]
[Annotator "TA"]
[PlyCount "109"]
[EventDate "2018.??.??"]
[EventCountry "RUS"]
[SourceTitle "playchess.com"]
[Source "ChessBase"]
[SourceQuality "1"]

{[%evp 16,109,27,-22,49,-11,47,0,74,80,186,130,129,37,36,41,39,30,33,14,20,25,27,11,29,27,31,19,75,-14,-15,-7,-5,-5,-7,-44,-48,-35,-56,-76,-21,-21,-22,-35,-21,-21,-24,-34,-30,-33,-26,-28,-8,-8,0,0,0,-8,-8,-8,-8,-14,-14,-14,-14,-14,0,0,0,0,0,0,0,0,0,0,0,0,0,0,0,0,0,0,0,0,0,0,0,0,0,0,0,0,0,0]} 1. d4 d5 2. c4 c6 3. Nc3 dxc4 4. e3 b5 5. a4 b4 6. Ne4 {D10: Slav Defence: 3 cxd5 (without early Nf3) and 3 Nc3} Qd5 7. Ng3 Nf6 8. Be2 e6 (8... Nbd7 9. Nf3 Ba6 10. O-O e6 11. b3 Qa5 12. bxc4 c5 13. Bb2 Rd8 {1-0 (41) Mamedyarov,S (2772)-Holt,C (2555) chess.com INT 2017}) 9. Nf3 {LiveBook: 4 Games} (9. e4 $5 Nxe4 10. Bf3 $11) 9... h5 (9... Ba6 $11) 10. Ne5 $146 (10. e4 $1 $14 Nxe4 11. Ne5) ({Predecessor:} 10. e4 Nxe4 11. Ne5 h4 12. Nxe4 Qxe4 13. O-O Bd6 {½-½ (33) Epishin,V (2620)-Khenkin,I (2575) Seefeld 1996}) 10... h4 (10... Qxg2 $11 11. Bf1 Qd5) 11. Nh5 (11. Bf3 $5 {[%cal Rf3d5]} Qd8 12. Ne4 (12. Nxc6 Nxc6 13. Bxc6+ Bd7 $17) 12... Nxe4 13. Bxe4 $16) 11... Ba6 (11... Qxg2 $11 12. Bf3 Qh3) 12. O-O $16 Nxh5 (12... Bd6 $16 {was called for.}) 13. Bxh5 $18 g6 {[#]} 14. Bf3 (14. e4 $1 $16 {[%cal Re4d5]} Qxe4 15. Bf3) 14... Qd6 $14 15. Qc2 Qc7 16. Nxc4 Nd7 17. b3 Bg7 18. Bb2 Rc8 19. Rac1 O-O 20. Rfd1 Rfd8 21. Qe4 Bf6 (21... h3 $1 $11 {remains equal.}) 22. Ne5 ({Better is} 22. Qg4 $16) 22... Nxe5 $11 23. dxe5 Rxd1+ 24. Rxd1 Be7 25. g3 hxg3 26. hxg3 c5 27. Kg2 c4 (27... Rd8 $17 28. Rc1 Rd2 29. Qa8+ Kg7) 28. bxc4 $1 Qxc4 ({Of course not} 28... Bxc4 29. Rc1 $14) 29. Qxc4 Bxc4 30. Rd7 Bc5 31. Bb7 Rb8 32. Rc7 {[#] Hoping for Bf3.} Rxb7 33. Rxc5 $15 {[%mdl 4096] Endgame KRB-KRB} Bd5+ 34. f3 {The position is equal.} Bb3 35. a5 Ba4 36. g4 a6 37. f4 Rb5 38. Rc8+ Kg7 39. f5 $1 gxf5 40. gxf5 Rd5 {And now ...Rd2+ would win.} 41. Kg3 Rd2 42. Bd4 b3 {Threatens to win with ...Rxd4!} 43. Rc4 Bb5 44. Rb4 exf5 45. Rxb3 Kg6 46. Rc3 Rd1 47. Rc8 Rg1+ 48. Kf2 Rf1+ 49. Kg3 Rg1+ 50. Kh2 Rg4 51. Rg8+ Kh5 52. Rh8+ Kg6 53. Rg8+ Kh5 54. Rf8 Kg6 55. Rg8+ {Precision: White = 49%, Black = 58%.} 1/2-1/2

[Event "RUS-chT Premier League Women 2018"]
[Site "Sochi"]
[Date "2018.05.02"]
[Round "2"]
[White "Kashlinskaya, Alina"]
[Black "Nebolsina, Vera"]
[Result "1/2-1/2"]
[WhiteElo "2448"]
[BlackElo "2218"]
[Annotator "TA"]
[PlyCount "78"]
[EventDate "2018.??.??"]
[EventCountry "RUS"]
[SourceTitle "playchess.com"]
[Source "ChessBase"]
[SourceQuality "1"]

{[%evp 20,78,8,6,79,45,81,28,40,12,35,17,45,39,27,1,60,-78,133,102,206,215,205,241,281,252,227,32,58,20,25,18,4,12,290,295,326,325,343,30,5,8,332,0,0,0,0,0,0,0,0,0,0,0,0,0,0,0,0,0,0]} 1. d4 d5 2. c4 c6 3. Nf3 {[%cal Bg1f3,Bf3d2,Bd2c4,Bc4b6][%mdl 32]} Nf6 4. Nc3 a6 5. a4 e6 6. Bg5 Nbd7 7. e3 Qa5 8. Nd2 {D15: Slav Defence: 4 Nc3 a6 and gambit lines after 4 Nc3 dxc4} (8. cxd5 exd5 9. Nd2 Be7 10. Bd3 Nf8 11. Qc2 Ne6 12. Bh4 Qd8 13. O-O g6 14. Nb3 a5 15. f3 O-O {1-0 (45) Karjakin,S (2757)-Erdos,V (2613) Tsaghkadzor 2015}) 8... Bb4 9. Qc2 dxc4 10. Bxf6 Nxf6 11. Nxc4 {LiveBook: 10 Games} Qg5 (11... Qc7 $11 {keeps the balance.}) 12. a5 Nd5 $146 ({Predecessor:} 12... O-O 13. h4 Qg6 14. Qxg6 hxg6 15. Bd3 Bd7 {0-1 (61) Tratar,M (2439)-Volkov,S (2582) ICC INT 2000}) 13. e4 (13. g3 $16) 13... Nc7 $1 $11 14. Qb3 c5 15. Nb6 {dxc5 is the strong threat.} Rb8 $1 16. Qa4+ Ke7 17. g3 {Threatening f4.} Rd8 (17... Na8 $1 $11) 18. Rd1 (18. f4 $14 {was the only good move.} Qg6 19. O-O-O) 18... Qg4 $2 (18... Bd7 $1 $17 {[%cal Rd7a4] stays on course.} 19. Nxd7 Rxd7) 19. Bg2 $16 Nb5 (19... Na8 $16 {was worth a try.}) 20. O-O $18 Bxc3 21. bxc3 Nxc3 {[#]} 22. Qa3 $1 {[%cal Ra3c3]} Nxd1 23. Qxc5+ $2 (23. Bf3 $18 Qg5 24. h4) 23... Ke8 $14 24. f3 Qg6 {Strongly threatening ...Ne3.} 25. Rxd1 {And now Qc7 would win.} Qf6 26. f4 {With the idea d5.} Qe7 $2 {[%mdl 8192]} (26... Bd7 $1 $11 {and Black is okay.}) 27. Qe5 $1 $18 {[%csl LRb8,LRg7]} Bd7 28. Qxg7 Bb5 29. Bf3 $2 ({Weaker is} 29. Qxh7 Qf6 $18) (29. d5 $18) 29... Qa3 $11 30. Kg2 {Black must now prevent d5.} Qxa5 $2 {[%mdl 8192] [#]} (30... Qb2+ $1 $11 31. Kh3 Be2) 31. Bh5 $2 (31. d5 $1 $18 Qxb6 32. Bh5) 31... Bf1+ $1 {The position is equal.} 32. Rxf1 {[%csl Gh5][%cal Rg7f7]} Qxh5 33. Rf2 Qb5 34. Nd5 $1 $36 {[%mdl 2048] White has some pressure.} exd5 35. Qe5+ Kf8 36. Qh8+ Ke7 37. Qe5+ Kf8 38. Qh8+ Ke7 39. Qe5+ Kf8 {Precision: White = 37%, Black = 20%.} 1/2-1/2

[Event "RUS-chT Premier League Women 2018"]
[Site "Sochi"]
[Date "2018.05.02"]
[Round "2"]
[White "Ushenina, Anna"]
[Black "Dordzhieva, Dinara"]
[Result "1/2-1/2"]
[WhiteElo "2443"]
[BlackElo "2303"]
[Annotator "TA"]
[PlyCount "81"]
[EventDate "2018.??.??"]
[EventCountry "RUS"]
[SourceTitle "playchess.com"]
[Source "ChessBase"]
[SourceQuality "1"]

{[%evp 10,81,0,-14,6,0,0,0,0,3,2,0,0,-12,5,-7,0,0,0,0,0,0,2,3,13,0,8,0,10,0,0,0,0,0,0,0,0,-12,1,0,0,0,6,3,4,6,6,0,2,-1,0,-6,0,0,0,0,3,0,4,0,7,0,0,0,0,0,0,0,0,0,0,-21,0,0]} 1. d4 d5 2. c4 e6 3. Nf3 Nf6 4. e3 c5 5. dxc5 Bxc5 6. a3 {LiveBook: 137 Games. The position is equal.} Be7 {D30: Queen's Gambit Declined: Systems without Nc3} (6... O-O 7. b4 Be7 8. Bb2 a5 9. b5 Nbd7 10. Nbd2 b6 11. Be2 Bb7 12. O-O Rc8 13. Rc1 Nc5 14. cxd5 Nxd5 15. Nc4 {½-½ (61) Heimann,A (2591)-Huschenbeth,N (2585) Dresden 2017}) 7. Nc3 dxc4 8. Qxd8+ Bxd8 9. Bxc4 a6 10. Bd3 $146 ({Predecessor:} 10. b4 b5 11. Bd3 Bb7 12. Ke2 Nc6 13. Bb2 O-O 14. Rhd1 {½-½ (57) Bujupi,A (2016)-Vrella,H (2029) Prishtina 2017}) 10... Nbd7 11. Nd4 O-O 12. Bd2 Ne5 13. Be2 Bd7 14. Nf3 Nc6 15. O-O Rc8 16. Rfd1 Bc7 17. Be1 Rfd8 18. Nd2 Ne5 19. h3 Bc6 20. Nb3 Bb6 21. Rac1 Be8 22. Rxd8 Rxd8 23. Rc2 Bc6 24. Rd2 Rxd2 25. Bxd2 Ne4 26. Nxe4 Bxe4 27. Bc3 Nd7 28. Nd2 Bd5 29. Nc4 Bc7 30. Kf1 Nb6 31. Nxb6 Bxb6 $11 {[%mdl 4096] Endgame KBB-KBB} 32. Bd3 Bc6 33. g3 f5 34. Ke2 Kf7 35. h4 g6 36. Be5 Bb5 37. Bxb5 axb5 38. Kd3 Ke7 39. Bd4 Bc7 40. Bc5+ Kd7 41. Bb4 {Precision: White = 55%, Black = 54%.} 1/2-1/2

[Event "RUS-chT Premier League Women 2018"]
[Site "Sochi"]
[Date "2018.05.02"]
[Round "2"]
[White "Shuvalova, Polina"]
[Black "Bulatova, Kamaliya"]
[Result "1-0"]
[WhiteElo "2416"]
[BlackElo "2037"]
[Annotator "TA"]
[PlyCount "119"]
[EventDate "2018.??.??"]
[EventCountry "RUS"]
[SourceTitle "playchess.com"]
[Source "ChessBase"]
[SourceQuality "1"]

{[%evp 15,119,17,22,22,24,5,9,7,16,15,16,0,18,-37,-37,-36,0,-36,-40,-58,-48,-52,-41,-41,-15,-41,-33,-41,-41,-41,-29,-23,0,0,60,45,60,60,60,60,65,35,27,18,18,20,29,27,22,13,29,13,29,29,29,20,20,22,141,98,99,46,56,0,92,92,144,131,173,185,271,271,271,271,558,544,547,508,711,727,763,818,838,703,687,670,570,359,404,400,514,340,779,793,445,733,715,671,810,796,29973,29973,29970,29971,29974,5491]} 1. d4 Nf6 2. c4 e6 3. Nf3 d5 4. Nc3 Bb4 5. cxd5 exd5 6. Bg5 O-O 7. e3 Bf5 {D38: Queen's Gambit Declined: Ragozin Defence (4 Nf3 Bb4)} (7... h6 8. Bh4 Bf5 9. Qb3 Bxc3+ 10. bxc3 Nbd7 11. Be2 c5 12. dxc5 g5 13. Nd4 Bg6 14. c6 bxc6 15. Nxc6 {½-½ (46) So,W (2792)-Karjakin,S (2753) Wijk aan Zee 2018}) 8. Qb3 Bxc3+ {LiveBook: 3 Games} 9. bxc3 Nbd7 {The position is equal.} 10. Be2 c5 11. O-O c4 12. Qxb7 Qb6 $146 13. Qxb6 axb6 14. Nh4 (14. Rfc1 $11) 14... Be6 $1 $15 {[%mdl 1024] Black has compensation.} 15. f3 Ra3 {Strongly threatening ...h6.} 16. Rfc1 (16. e4 $5) 16... Rfa8 17. Rc2 h6 18. Bxf6 $1 Nxf6 19. g4 g6 20. h3 Kg7 21. Kf2 Bd7 22. Ng2 Ba4 23. Rb2 Bb3 (23... Rxc3 {looks sharper.} 24. Rxb6 g5 25. Rb7 Ra6 26. h4 Bd7) 24. Ne1 Rxa2 (24... g5 $11) 25. Rbxa2 (25. Raxa2 {keeps more tension.} Rxa2 26. Rxa2 Bxa2 27. Nc2 Bb1 28. Nb4) 25... Rxa2 26. Rxa2 Bxa2 $11 {[%mdl 4096] Endgame KBN-KBN} 27. Nc2 Kf8 28. h4 {Black must now prevent Nb4.} g5 29. h5 Bb3 30. Nb4 Ba4 31. Ke1 Bd7 32. Bd1 Bc8 33. Kf2 Bb7 34. Bc2 Ke7 35. Bf5 Ne8 36. e4 Kd6 (36... Nd6 $11 {keeps the balance.} 37. Ke3 (37. exd5 Nxf5 38. gxf5 f6 $11) (37. Nxd5+ Bxd5 38. exd5 Nxf5 $11) 37... f6) 37. Ke3 (37. exd5 $6 Nc7 $14) (37. Nxd5 $6 Bxd5 38. exd5 Nc7 $14) 37... Nc7 38. Bh7 (38. Nc2 $16) 38... Ke7 39. Bf5 Kd6 40. Kd2 f6 ({Black should try} 40... Ke7) 41. Nc2 $16 Ne8 42. Ne3 Ng7 (42... Nc7 $142 43. Bg6 Bc8 44. exd5 b5) 43. Bg6 $18 ({Weaker is} 43. exd5 Bxd5 44. Be4 (44. Nxd5 Kxd5 45. Bg6 b5 $16) 44... Bg8 $16) 43... Bc6 44. Kc2 ({Resist} 44. Nxd5 $6 Bxd5 45. exd5 Kxd5 $16) 44... b5 $2 {[#]} (44... dxe4 {was necessary.} 45. Nxc4+ Kc7) 45. Kb2 dxe4 46. fxe4 Bd7 47. Ka3 Kc6 48. Kb4 Bc8 49. Ka5 Bd7 50. Bf7 Kd6 51. Kb6 Ke7 52. Bg6 Kd6 53. Bh7 Bc6 $2 {[#]} (53... b4 54. cxb4 c3) 54. Bf5 Be8 55. Bc8 Ke7 56. Kc5 Kd8 57. Bf5 Nxh5 58. gxh5 {White mates.} Bxh5 59. Ng4 Ke7 60. Nxh6 {Precision: White = 66%, Black = 41%.} (60. d5 $142 Kf7 61. Nxh6+ Kf8 62. Kxb5 Ke8 63. Ng8 Kf8 64. Nxf6 Bf3 65. d6) 1-0

[Event "RUS-chT Premier League Women 2018"]
[Site "Sochi"]
[Date "2018.05.02"]
[Round "2"]
[White "Ambartsumova, Karina"]
[Black "Kosteniuk, Alexandra"]
[Result "0-1"]
[WhiteElo "2375"]
[BlackElo "2555"]
[Annotator "TA"]
[PlyCount "96"]
[EventDate "2018.??.??"]
[EventCountry "RUS"]
[SourceTitle "playchess.com"]
[Source "ChessBase"]
[SourceQuality "1"]

{[%evp 14,96,5,4,8,8,8,0,2,9,6,12,16,9,8,0,7,6,10,0,0,8,10,11,27,0,0,0,0,0,0,0,0,0,0,0,0,0,0,0,0,0,16,0,16,0,21,12,17,0,0,0,7,-16,-16,-16,-4,-18,-16,-23,-23,-23,-23,-86,-104,-87,-83,-263,-261,-622,-585,-529,-514,-312,-191,-190,-190,-190,-70,-96,-100,-2166,-1971,-4614,-1852]} 1. c4 c6 2. e4 d5 3. exd5 cxd5 4. d4 Nf6 5. Nc3 Nc6 6. Bg5 dxc4 7. Bxc4 h6 {B13: Caro-Kann: Exchange Variation and Panov-Botvinnik Attack} (7... Qxd4 8. Qxd4 Nxd4 9. O-O-O e5 10. f4 Bg4 11. Nf3 Bxf3 12. gxf3 Rc8 13. fxe5 Rxc4 14. exf6 Ne6 15. Rhe1 g6 16. Kb1 Bb4 17. Rxe6+ fxe6 {1-0 (41) Mamedyarov,S (2736)-Sethuraman,S (2640) Baku 2015}) 8. Bf4 {LiveBook: 16 Games} Qxd4 9. Qxd4 Nxd4 {The position is equal.} 10. Rd1 $146 ({Predecessor:} 10. O-O-O Ne6 11. Bg3 a6 12. Na4 Nd7 13. Bxe6 fxe6 14. Nf3 b5 15. Nc3 Bb7 16. Rhe1 Rc8 17. Kb1 Nc5 18. b4 Nd7 19. Rd3 Rc4 20. a3 h5 21. Nd2 h4 22. Nxc4 {½-½ (22) Ivanov,B (2384)-Ballow,J (2383) ICCF email 2013}) 10... Ne6 11. Bxe6 Bxe6 12. Nb5 $1 {[%cal Rb5c7]} Nd5 {[#]} 13. Rxd5 $1 {[%mdl 512]} Bxd5 14. Nc7+ Kd7 15. Nxd5 e5 16. Be3 ({Don't blunder} 16. Bxe5 $2 Re8 $19) 16... Rc8 {Threatens to win with ...Ke6.} 17. Kd2 Ke6 18. Nc3 f5 19. f3 (19. Bxa7 {is more complex.} b5 20. a3 b4 21. axb4 Bxb4 22. Nf3) 19... Bc5 20. Bxc5 $1 Rxc5 21. Nge2 Rd8+ 22. Kc2 Rc6 23. Rd1 Rxd1 24. Kxd1 Rc4 25. Kd2 g5 26. h3 h5 27. b3 Rb4 28. Kd3 a5 29. Ke3 b6 30. Kd3 Rh4 31. Ke3 g4 32. hxg4 hxg4 33. fxg4 Rxg4 34. g3 Rg8 35. Kd3 Kd6 36. Nd1 b5 37. Ne3 Ke6 38. Nc2 (38. a3 $11 {keeps the balance.}) 38... Rd8+ $17 39. Ke3 b4 $1 40. a3 $2 {[#]} (40. Nc1 $17) 40... a4 $1 $19 {[%cal Ba5a4,Ba4b3][%mdl 544]} 41. Nxb4 $2 (41. axb4 axb3 42. Na3) (41. bxa4 b3) 41... axb3 42. Nd3 Rc8 43. Kd2 e4 {[%cal Be5e4,Be4e3][%mdl 32]} 44. Ndf4+ Ke5 {[%mdl 1024] aiming for ...b2. Black has strong compensation.} 45. Nc3 {[#]} Kd4 (45... e3+ $1 $19 {[%mdl 512]} 46. Kd3 (46. Kxe3 Rxc3+) 46... b2) 46. Ne6+ {[#]} Kc4 $1 {Hoping for ...e3+!} 47. Na4 $2 {[%mdl 8192] [#]} (47. Nd1 $17) 47... e3+ $1 {[%mdl 512]} 48. Ke2 (48. Kxe3 Re8) 48... Kb5 {Precision: White = 40%, Black = 68%.} 0-1